Kúpele Lúčky

Zobrazenie:

Podrobná bibliografia
Ďalší autori: Slivka, Dušan, 1944- (Fotograf), Šmátrala, Milan (fotograf) (Fotograf), Šroll, Bohumil, 1924-1995 (Fotograf)
Médium: Fotografia
Jazyk:slovenčina
Fyzický popis:1 pohľadnica (4 čiastkové pohľady) farebná 11 x 15 cm
Vydavateľské údaje: Bratislava ČSTK-Pressfoto 1990
Predmet:

MARC

LEADER 00000ckm a2200000 a 4500
001 vtls001206421
003 SK-MaSNL
005 20260331202814.0
007 kf co
008 210928s1990 xo g 0kuslo
015 |a SNBG1990 
035 |a SNK000149491 
040 |a SNK  |b slo  |c SNK  |e AACR2 
041 0 |a slo 
043 |a e-xo--- 
044 |a xo  |c SK 
072 7 |a 913  |x Regionálna geografia  |2 konspekt 
080 |a 913(437.6)  |2 2011 
080 |a 908(437.6)  |2 2011 
080 |a (084.121)  |2 2011 
100 1 |a Slivka, Dušan,  |d 1944-  |4 pht  |9 249825 
245 1 0 |a Kúpele Lúčky  |h grafika  |c foto: D. Slivka, M. Šmátrala, B. Šroll ; grafický návrh: J. Voskár 
246 1 |i Názov na adresnej časti:  |a Budova riaditeľstva kúpeľov 
246 1 |i Názov na adresnej časti:  |a Park 
246 1 |i Názov na adresnej časti:  |a Liečebný dom Choč 
246 1 |i Názov na adresnej časti:  |a Kúpele 
260 |a Bratislava  |b ČSTK-Pressfoto  |c 1990  |e Skalica  |f Grafobal 
300 |a 1 pohľadnica (4 čiastkové pohľady)  |b farebná  |c 11 x 15 cm 
500 |a Názvové údaje prevzaté z obrazovej časti pohľadnice 
520 8 |a Zobrazenie: 
651 7 |a Lúčky (Ružomberok, Slovensko)  |2 SNKPHgeo  |9 163588 
655 7 |a geografické pohľadnice  |2 SNKPH  |9 70522 
655 7 |a miestne pohľadnice  |2 SNKPH  |9 70510 
700 1 |a Šmátrala, Milan  |c (fotograf)  |4 pht  |9 164919 
700 1 |a Šroll, Bohumil,  |d 1924-1995  |4 pht  |9 175783 
700 1 |a Voskár, Jozef  |c (grafik)  |4 art  |9 340053 
958 |a GBN 
958 |a GC 
958 |a OND 
999 |c 611987  |d 613917 
952 |a SNK  |b SNK  |y PREZ  |7 0  |p 17A1288315  |o snkSP 142313  |i snk2113/90  |0 0  |1 0  |4 0  |d 2019-07-04  |f 1  |l 0  |r 2026-02-23 16:26:50  |w 2026-02-23 
952 |a SNK  |b SNK  |y PREZ  |7 0  |p 17A1288316  |o snkSP 142313 D1  |i snk2114/90  |0 0  |1 0  |4 0  |d 2019-07-04  |l 0  |r 2026-02-23 16:26:50  |w 2026-02-23